| 000 | 00855nam a2200313 u 4500 | ||
|---|---|---|---|
| 001 | 126679 | ||
| 005 | 20260506072723.0 | ||
| 008 | 970514s1997 ||||||m| spa | ||
| 035 | _a126679 | ||
| 040 | _ccomduadb | ||
| 041 | _aspa | ||
| 080 | _aT | ||
| 080 | _aR/CD | ||
| 082 | 4 | _a150 | |
| 100 | 1 | 0 |
_aMolina Hernandez, Cristobal de J. _4aut _eaut _9489434 |
| 245 | 1 | 0 | _aHisteria masculina: ¿una via distinta a la histeria femenina? |
| 260 |
_aMedellín : _b[sin publicador], _c1997. |
||
| 300 | _a166 hojas | ||
| 650 | 7 |
_aHisteria _2lemb _98340 |
|
| 650 |
_aSexualidad humana _922644 |
||
| 650 |
_aIdentidad femenina _94864 |
||
| 650 | 0 |
_aHombres _xIdentidad _9124 |
|
| 650 | 7 |
_aPsicoanálisis _2lemb _950288 |
|
| 650 |
_aGoce _9124520 |
||
| 650 | 7 |
_aSubconsciencia _2lemb _94453 |
|
| 942 | _cTESIS | ||
| 999 |
_c67778 _d67778 |
||
| 502 |
_b105 _c12 |
||
| 526 | _a106 | ||